Κατάλογος Βιβλιοθηκών Mediterranean College

Χρήση και Εφαρμογές του Excel 5 / Μετάφραση της 1ης Αμερικανικής Έκδοσης 1994 (Record no. 3499)

MARC details
000 -LEADER
fixed length control field 01186cam a22001934a 4500
005 - ΗΜΕΡΟΜΗΝΙΑ ΚΑΙ ΩΡΑ ΤΕΛΕΥΤΑΙΑΣ ΕΝΗΜΕΡΩΣΗΣ
Πεδίο ελέγχου 20250605164117.0
008 - FIXED-LENGTH DATA ELEMENTS--GENERAL INFORMATION
Πεδίο ελέγχου σταθερού μήκους 250528s ||||||||||||||||||||||||d
035 ## - SYSTEM CONTROL NUMBER
System control number 18115
020 ## - ISBN
ISBN 67230385
040 ## - ΠΗΓΗ ΚΑΤΑΛΟΓΟΓΡΑΦΗΣΗΣ
Φορέας πρωτότυπης καταλογογράφησης MC Athens Campus Library
Γλώσσα καταλογογράφησης Ελληνικά, Μοντέρνα (1453-)
Modifying agency MC Athens Campus Library
Κανόνες περιγραφικής καταλογογράφησης AACR2
245 1# - ΤΙΤΛΟΣ ΚΑΙ ΔΗΛΩΣΗ ΥΠΕΥΘΥΝΟΤΗΤΑΣ
Τίτλος Χρήση και Εφαρμογές του Excel 5 / Μετάφραση της 1ης Αμερικανικής Έκδοσης 1994
260 ## - PUBLICATION, DISTRIBUTION, ETC.
Name of publisher, distributor, etc. Γκιούρδας Μόσχος,
Date of publication, distribution, etc. 1994
300 ## - PHYSICAL DESCRIPTION
Extent 1180
520 ## - SUMMARY, ETC.
Summary, etc. Ένας ειδικός στο Excel με χρόνια εμπειρίας, σας μαθαίνει πως μπορείτε να κυριαρχήσετε επί των λογιστικών φύλλων, στο βιβλίο Excel 5 Χρήση και Εφαρμογές. Εισαγωγή, Εκδόσεις και Εκτύπωση, Γραφικά, Βάσεις Δεδομένων και Λίστες, Ανάλυση Δεδομένων, Γλώσσα Μακροεντολών του Excel 4.0, Visual Basic for Applications, Προχωρημένα Θέματα, Πρακτικές Εφαρμογές, Ευρετήριο.
700 1# - ΠΡΟΣΘΕΤΗ ΑΝΑΓΡΑΦΗ--ΦΥΣΙΚΟ ΠΡΟΣΩΠΟ
Personal name Mcfedries Paul
9 (RLIN) 4407
942 ## - ADDED ENTRY ELEMENTS (KOHA)
Koha item type Books
Holdings
Τύπος τεκμηρίου Βιβλιοθήκη Τρέχουσα τοποθεσία Barcode Αριθμός εισαγωγής Ημερομηνία απόκτησης Ταξιθετικό σύμβολο Αριθμός αντιτύπου Κατάσταση απόσυρσης Κατάσταση χαμένου Κατάσταση κατεστραμμένου Μη δανεισμός Σύνολο δανεισμών Ημερομηνία τελευταίας εμφάνισης Η τιμή ισχύει από
Books MC Athens Campus Library MC Athens Campus Library 9780000034984 2309 05/06/2025 005.1 MCF 1           05/06/2025 05/06/2025

MC Athens Campus Library
Πατησίων 94 & Κοδριγκτώνος 13, 104 34
Πελλήνης 8 & Πατησίων 107, 112 51
Τ: +30 210 8899600

MC Thessaloniki Campus Library
Ίωνος Δραγούμη 21, 54625 | Ίωνος Δραγούμη 15, 54625
Τ: +30 2310 287779 – Τ: +30 2314 440300